| 000 | 00963cam a2200253 4500 | ||
|---|---|---|---|
| 001 | ABS63159 | ||
| 008 | 000000n2000 000 0 eng u | ||
| 035 | _a(Sirsi) u109581 | ||
| 100 | _aWagstaff, J | ||
| 245 | _aTaking the initiative | ||
| 260 | _c2000 | ||
| 490 |
_aHousing _vNovember 2000, 44-45(2) |
||
| 520 | _aLooks at the development of the Private Finance Initiative (PFI) in the context of housing. Discusses: the growth in Pathfinder projects; the use of public private partnership (PPP); alternative models of PFI from the usual DBFO; government assistance to local authorities; the concepts of risk transfer and value for money. References. | ||
| 590 | _aABS | ||
| 650 | _aPUBLIC PRIVATE PARTNERSHIPS | ||
| 650 | _aPFI | ||
| 650 | _aDBFO | ||
| 650 | _aPRIVATE FINANCE INITIATIVE | ||
| 650 | _aPATHFINDER PROJECTS | ||
| 650 | _aPUBLIC PRIVATE PARTNERSHIP PROGRAMME | ||
| 650 | _aSOCIAL HOUSING | ||
| 690 | _aHOUSING | ||
| 942 | _n0 | ||
| 999 |
_c65419 _d65419 |
||